[Event "2020 Standard Chess Dropout Tournament, Round 3"]
[Site "SchemingMind.com"]
[Date "2020.11.19"]
[Round "3"]
[White "pengle"]
[Black "Diadoco"]
[Result "0-1"]
[WhiteCountry "USA"]
[BlackCountry "MEX"]
[WhiteElo "1638"]
[WhiteRD "92"]
[BlackElo "1918"]
[BlackRD "118"]
[GameID "462107"]

1. d4 d5 2. e3 c5 3. c3 Nc6 4. f4 Bf5 5. Nf3 e6 6. Bd3 Bxd3 7. Qxd3 Nf6 8. Nbd2 Bd6 9. O-O cxd4 10. cxd4 O-O
11. Ne5 Nd7 12. Ndf3 f6 13. Ng4 f5 14. Nge5 Nf6 15. Ng5 Ne4 16. Nxe6 Qe7 17. Nxf8 Rxf8 18. a3 Bxe5 19. dxe5 Rd8 20. b4 a6
21. Bb2 Qe6 22. Rfd1 g6 23. Rf1 Kf7 24. Rac1 h5 25. b5 axb5 26. Qxb5 Rd7 27. a4 Nd2 28. Rf2 Nc4 29. Bd4 N6a5 30. Qb1 Qc6
31. Ra2 Ke6 32. Kf2 Qa6 33. h3 Nc6 34. Rc3 Nxd4 35. exd4 Qa5 36. Ke2 Qxc3 37. Rc2 Qxd4 38. g3 Na3 39. Rd2 Qxd2+ 40. Kxd2 Nxb1+
0-1

[Event "2020 Standard Chess Dropout Tournament, Round 3"]
[Site "SchemingMind.com"]
[Date "2020.11.21"]
[Round "3"]
[White "Dan Geana"]
[Black "Aleksandr Frenkel"]
[Result "1-0"]
[WhiteCountry "ROU"]
[BlackCountry "USA"]
[WhiteElo "2657"]
[WhiteRD "127"]
[BlackElo "2435"]
[BlackRD "96"]
[GameID "462108"]

1. e4 e5 2. Nf3 Nc6 3. Bc4 Nf6 4. d3 Bc5 5. O-O d6 6. c3 a5 7. Re1 O-O 8. Nbd2 Be6 9. Bb5 Qb8 10. Nf1 Qa7
11. Be3 Qb6 12. a4 Bxe3 13. Nxe3 Ng4 14. Ng5 Nxe3 15. Rxe3 Nd8 16. Nxh7 Kxh7 17. Qh5+ Kg8 18. Rg3 g6 19. Qh6 c6 20. Re1 cxb5
21. Ree3 Qxe3 22. Rxe3 bxa4 23. d4 exd4 24. cxd4 d5 25. h4 Bd7 26. h5 Ra6 27. exd5 Bf5 28. Qf4 b5 29. g4
1-0

[Event "2020 Standard Chess Dropout Tournament, Round 3"]
[Site "SchemingMind.com"]
[Date "2020.11.21"]
[Round "3"]
[White "PION4290"]
[Black "David Hartley"]
[Result "0-1"]
[WhiteCountry "CAN"]
[BlackCountry "ENG"]
[WhiteElo "1695"]
[WhiteRD "88"]
[BlackElo "1759"]
[BlackRD "74"]
[GameID "462109"]

1. d4 d5 2. Bf4 c5 3. e3 Nc6 4. c3 Nf6 5. Nd2 e6 6. Ngf3 cxd4 7. exd4 Bd7 8. Bd3 Be7 9. Qc2 h6 10. h3 Qb6
11. g4 Bd8 12. Ne5 Bc8 13. Ndf3 Bc7 14. g5 hxg5 15. Nxg5 Nxe5 16. dxe5 Nd7 17. Qe2 Nf8 18. Be3 Qa5 19. b4 Qa3 20. Qc2 Bd7
21. Bc1 Qa4 22. Qe2 Qc6 23. c4 dxc4 24. Be4 Qb5 25. Rb1 Bc6 26. Nf3 Bxe4 27. Qxe4 O-O-O 28. Bf4 Ng6 29. Ng5 Qd7 30. Qxc4 Rh4
31. O-O Rxf4 32. Qc2 Kb8 33. Rfd1 Qe7 34. Ne4 Bxe5 35. Rxd8+ Qxd8 36. Rd1 Qc7 37. Qe2 Rh4 38. Qe3 Nf4 39. Nc5 Rxh3 40. Qe4 Nd5
41. Qg2 Rh6 42. a3 Rg6 43. Qxg6 fxg6 44. Nxe6 Qd7 45. f4 Qxe6
0-1

[Event "2020 Standard Chess Dropout Tournament, Round 3"]
[Site "SchemingMind.com"]
[Date "2020.11.20"]
[Round "3"]
[White "pjl1015"]
[Black "Delf Groth"]
[Result "1-0"]
[WhiteCountry "USA"]
[BlackCountry "GER"]
[WhiteElo "2453"]
[WhiteRD "106"]
[BlackElo "1856"]
[BlackRD "111"]
[GameID "462110"]

1. e4 d5 2. exd5 Qxd5 3. Nc3 Qd8 4. Nf3 Nf6 5. d4 Bg4 6. h3 Bxf3 7. Qxf3 c6 8. Be3 e6 9. Bd3 Nbd7 10. O-O-O Be7
11. Kb1 Qa5 12. g4 h6 13. h4 O-O-O 14. g5 hxg5 15. hxg5 Rxh1 16. Rxh1 Nd5 17. Nxd5 Qxd5 18. Be4 Qa5 19. Qxf7 Bxg5 20. Qh5
1-0

[Event "2020 Standard Chess Dropout Tournament, Round 3"]
[Site "SchemingMind.com"]
[Date "2020.11.21"]
[Round "3"]
[White "pnwmusichound"]
[Black "Robert Bruce"]
[Result "0-1"]
[WhiteCountry "USA"]
[BlackCountry "SCO"]
[WhiteElo "1784"]
[WhiteRD "104"]
[BlackElo "2447"]
[BlackRD "76"]
[GameID "462111"]

1. e4 Nf6 2. e5 Nd5 3. d4 d6 4. Nf3 dxe5 5. Nxe5 g6 6. Be2 Bg7 7. O-O O-O 8. c4 Nb4 9. a3 N4c6 10. Nxc6 Nxc6
11. d5 Nd4 12. Nc3 e6 13. Be3 c5 14. dxc6 bxc6 15. Bxd4 Bxd4 16. Qd2 Bxf2+
0-1

[Event "2020 Standard Chess Dropout Tournament, Round 3"]
[Site "SchemingMind.com"]
[Date "2020.11.17"]
[Round "3"]
[White "Ramesh Panwar"]
[Black "thefriediceman"]
[Result "1-0"]
[WhiteCountry "IND"]
[BlackCountry "USA"]
[WhiteElo "2554"]
[WhiteRD "85"]
[BlackElo "2110"]
[BlackRD "151"]
[GameID "462112"]

1. d4 d5 2. c4 c6 3. Nc3 Nf6 4. e3 g6 5. Nf3 Bf5 6. cxd5 Nxd5 7. Bc4 Bg7 8. e4 Nxc3 9. bxc3 Bc8 10. Ng5 O-O
11. h4 h6 12. h5 Qa5 13. Bxf7+ Rxf7 14. Nxf7 Kxf7 15. Qf3+ Ke8 16. hxg6 Bxd4 17. Qf7+ Kd7 18. O-O Qxc3 19. Bf4
1-0

[Event "2020 Standard Chess Dropout Tournament, Round 3"]
[Site "SchemingMind.com"]
[Date "2020.11.18"]
[Round "3"]
[White "Raymond de Kemp"]
[Black "JimM"]
[Result "1-0"]
[WhiteCountry "NED"]
[BlackCountry "USA"]
[WhiteElo "1820"]
[WhiteRD "70"]
[BlackElo "1672"]
[BlackRD "81"]
[GameID "462113"]

1. d4 Nf6 2. Nf3 g6 3. Bg5 Bg7 4. Nbd2 O-O 5. e4 d6 6. c3 c5 7. dxc5 dxc5 8. Bc4 Nbd7 9. Qe2 a6 10. e5 Nh5
11. g4 Nxe5 12. Nxe5 Nf6 13. O-O-O b5 14. Ne4 Qc7 15. Bxf7+ Rxf7 16. Nxf7 Kxf7 17. Nxf6 exf6 18. Be3 b4 19. Qc4+ Be6 20. Qxc5 Qxc5
21. Bxc5 bxc3 22. bxc3 Bxg4 23. Rd4 f5 24. Rd7+ Ke8 25. Rxg7
1-0

[Event "2020 Standard Chess Dropout Tournament, Round 3"]
[Site "SchemingMind.com"]
[Date "2020.11.16"]
[Round "3"]
[White "Robert Hatfield"]
[Black "spoke"]
[Result "1/2-1/2"]
[WhiteCountry "USA"]
[BlackCountry "GER"]
[WhiteElo "1786"]
[WhiteRD "64"]
[BlackElo "1845"]
[BlackRD "74"]
[GameID "462114"]

1. c4 Nf6 2. g3 g6 3. b4 Bg7 4. Nc3 O-O 5. Bb2 Nc6 6. b5 Na5 7. d3 b6 8. Bg2 Bb7 9. Nf3 d5 10. cxd5 Nxd5
11. Rc1 Rc8 12. O-O c5 13. a4 e6 14. Nd2 Nxc3 15. Bxc3 Bxg2 16. Kxg2 Qd5+ 17. Kg1 Bxc3 18. Rxc3 Rfd8 19. Ne4 Qf5 20. Qc2 Nb7
21. Qb2 Nd6 22. Nxd6 Rxd6 23. Rc4 e5 24. a5 Rd4 25. axb6 axb6 26. Ra1 Rxc4 27. dxc4 Qe4 28. Rc1 Rd8 29. Qc2 Qd4 30. Qc3 Qe4
31. Qc2 Qd4=
1/2-1/2

[Event "2020 Standard Chess Dropout Tournament, Round 3"]
[Site "SchemingMind.com"]
[Date "2020.11.21"]
[Round "3"]
[White "spoke"]
[Black "Simon Green"]
[Result "1-0"]
[WhiteCountry "GER"]
[BlackCountry "ENG"]
[WhiteElo "1831"]
[WhiteRD "73"]
[BlackElo "1592"]
[BlackRD "64"]
[GameID "462115"]

1. e4 e6 2. d4 d5 3. Nd2 Nf6 4. e5 Nfd7 5. Bd3 c5 6. c3 c4 7. Bc2 Nc6 8. Ngf3 Be7 9. O-O b5 10. a3 a5
11. Re1 a4 12. Nf1 f5 13. h3 O-O 14. N1h2 Na5 15. h4 Bxh4 16. Nxh4 Qxh4 17. g3 Qe7 18. Qh5 Nb3 19. Bxb3 axb3 20. Bg5 Qf7
21. Qh4 Re8 22. Kg2 Nf8 23. Rh1 g6 24. Nf3 Bd7 25. Bf6 Bc6 26. Qg5 Ra7 27. Rh6 Nd7 28. Rah1 Nf8 29. Nh4 Rea8 30. Nxg6 Nxg6
31. Rxh7
1-0

[Event "2020 Standard Chess Dropout Tournament, Round 3"]
[Site "SchemingMind.com"]
[Date "2020.11.16"]
[Round "3"]
[White "Stephen Woodhouse"]
[Black "Don71"]
[Result "0-1"]
[WhiteCountry "ENG"]
[BlackCountry "NIR"]
[WhiteElo "1932"]
[WhiteRD "112"]
[BlackElo "2256"]
[BlackRD "111"]
[GameID "462116"]

1. e4 e5 2. Nf3 Nc6 3. d4 exd4 4. Nxd4 Bc5 5. Be3 Qf6 6. c3 Nge7 7. Bc4 d6 8. O-O O-O 9. Nxc6 Nxc6 10. Bxc5 dxc5
11. Nd2 Ne5 12. Be2 Ng6 13. Nf3 Nf4 14. Qd2 Bh3 15. e5 Qh6 16. Ne1 Bxg2 17. Nxg2 Nh3+
0-1

[Event "2020 Standard Chess Dropout Tournament, Round 3"]
[Site "SchemingMind.com"]
[Date "2020.11.21"]
[Round "3"]
[White "The Knight Rider"]
[Black "Mike Winslow"]
[Result "1-0"]
[WhiteCountry "IND"]
[BlackCountry "USA"]
[WhiteElo "2522"]
[WhiteRD "112"]
[BlackElo "1954"]
[BlackRD "91"]
[GameID "462117"]

1. d4 f5 2. Nf3 Nf6 3. g3 g6 4. Bg2 Bg7 5. c4 O-O 6. Nc3 d6 7. O-O Qe8 8. Re1 c6 9. e4 fxe4 10. Nxe4 Nxe4
11. Rxe4 Bf5 12. Re3 Nd7 13. h3 e5 14. g4 Be6 15. d5 cxd5 16. Ng5 Kh8 17. Nxe6 Qxe6 18. Qxd5 Qxd5 19. Bxd5 Rab8 20. Ra3 Nb6
21. Rxa7 Nxd5 22. cxd5 Rf3 23. Be3 h5 24. Kg2 Rf7 25. a4 e4 26. a5 Kg8 27. Ra3 Bxb2 28. Rb3 Bg7 29. a6
1-0

[Event "2020 Standard Chess Dropout Tournament, Round 3"]
[Site "SchemingMind.com"]
[Date "2020.11.21"]
[Round "3"]
[White "thefriediceman"]
[Black "William Lindberg"]
[Result "0-1"]
[WhiteCountry "USA"]
[BlackCountry "USA"]
[WhiteElo "2096"]
[WhiteRD "149"]
[BlackElo "2483"]
[BlackRD "67"]
[GameID "462118"]

1. e4 e5 2. Nc3 Nf6 3. g3 Bc5 4. Bg2 Nc6 5. Nge2 O-O 6. O-O Re8 7. d3 Nd4 8. Nxd4 Bxd4 9. Ne2 Bb6 10. h3 d5
11. exd5 Nxd5 12. Kh2 Bf5 13. Bd2 c6 14. Nc3 Qd7 15. Ne4 Bg6 16. a3 f5 17. Nc3 Rad8 18. Nxd5 cxd5 19. b3 Qf7 20. Qc1 Kh8
21. f3 f4 22. Be1 Be3 23. Qd1 Qf6 24. Kh1 h5 25. Kh2 e4 26. Ra2 exd3 27. cxd3 Rc8 28. Rc2 Qd4 29. Rh1 fxg3+ 30. Bxg3 h4
31. Bd6 Bf4+ 32. Bxf4 Qxf4+ 33. Kg1 Rxc2 34. Qxc2 Qg3
0-1

[Event "2020 Standard Chess Dropout Tournament, Round 3"]
[Site "SchemingMind.com"]
[Date "2020.11.20"]
[Round "3"]
[White "Udo Sprang"]
[Black "Stephen Woodhouse"]
[Result "1-0"]
[WhiteCountry "NED"]
[BlackCountry "ENG"]
[WhiteElo "1988"]
[WhiteRD "111"]
[BlackElo "1881"]
[BlackRD "102"]
[GameID "462119"]

1. e4 e6 2. d4 d5 3. Nc3 dxe4 4. Nxe4 Nd7 5. Nf3 Ngf6 6. Bd3 c5 7. O-O Qc7 8. c3 Be7 9. Qc2 cxd4 10. Nxf6+ Nxf6
11. Qa4+ Bd7 12. Qxd4 O-O 13. Bf4 Qb6 14. Qxb6 axb6 15. Ne5 Bc6 16. h3 Rfd8 17. Rfd1 Nd7 18. Nxc6 bxc6 19. Bc7 Rdc8 20. Bxh7+ Kxh7
21. Rxd7 Bd8 22. Bxd8 Rxd8 23. Rxf7 Rd2 24. Re1 Rxa2 25. Rxe6 Raxb2 26. Ree7 Rdc2 27. Rxg7+ Kh6 28. Rgf7 Rxc3 29. Re6+ Kg5 30. f4+ Kh4
31. Rg7
1-0

[Event "2020 Standard Chess Dropout Tournament, Round 3"]
[Site "SchemingMind.com"]
[Date "2020.11.17"]
[Round "3"]
[White "John C. Walton"]
[Black "John Hamer"]
[Result "1-0"]
[WhiteCountry "USA"]
[BlackCountry "ENG"]
[WhiteElo "2437"]
[WhiteRD "120"]
[BlackElo "1980"]
[BlackRD "62"]
[GameID "462120"]

1. d4 Nf6 2. Nf3 d5 3. g3 Nc6 4. Bg2 e6 5. O-O Bd6 6. c4 O-O 7. b3 dxc4 8. bxc4 Bd7 9. Nbd2 Rc8 10. e4 Be7
11. e5 Ne8 12. Nb3 f6 13. Qe2 Rb8 14. Re1 b6 15. d5 exd5 16. e6 Bc8 17. cxd5 Nb4 18. Nh4 Ba6 19. Qg4 Nc2 20. Rd1 Nxa1
21. Nd4 Bb7 22. Ndf5 g5 23. Be4 Kh8 24. Ng6+ hxg6 25. Qh3+ Kg8 26. Qh6
1-0

[Event "2020 Standard Chess Dropout Tournament, Round 3"]
[Site "SchemingMind.com"]
[Date "2020.11.21"]
[Round "3"]
[White "Wolli"]
[Black "Lanaroon"]
[Result "1-0"]
[WhiteCountry "GER"]
[BlackCountry "ENG"]
[WhiteElo "1605"]
[WhiteRD "92"]
[BlackElo "1512"]
[BlackRD "106"]
[GameID "462121"]

1. c4 g6 2. g3 Nh6 3. Bg2 Bg7 4. Nc3 Nc6 5. Nf3 O-O 6. O-O e6 7. b3 b6 8. Bb2 Bxc3 9. Bxc3 d5 10. cxd5 exd5
11. d4 f5 12. Ne5 Nxe5 13. dxe5 c6 14. Qd2 Nf7 15. Qd4 Be6 16. f3 c5 17. Qf4 g5 18. Qd2 d4 19. Bb2 Qe7 20. f4 g4
21. Bxa8 Rxa8 22. e3 dxe3 23. Qxe3 h5 24. Rad1 Rd8 25. Rd2 Rxd2 26. Qxd2 h4 27. Rd1 h3 28. Qc3 Qb7 29. Qd2 Qa8 30. Qc2 Kf8
31. Rd3 Qe4 32. Qd2 Ke7 33. a3 a5 34. b4 axb4 35. axb4 cxb4 36. Rd4 Qb1+ 37. Kf2 Ke8 38. Qxb4 Qc2+ 39. Rd2 Qc5+ 40. Qxc5 bxc5
41. Ke3 Ke7 42. Ba3 Ke8 43. Bxc5 Nd8 44. Bb6 Nc6 45. Rd6
1-0

[Event "2020 Standard Chess Dropout Tournament, Round 4"]
[Site "SchemingMind.com"]
[Date "2021.04.11"]
[Round "4"]
[White "Andreas Flato"]
[Black "Mike Winslow"]
[Result "0-1"]
[WhiteCountry "GER"]
[BlackCountry "USA"]
[WhiteElo "1807"]
[WhiteRD "125"]
[BlackElo "1888"]
[BlackRD "86"]
[GameID "710421"]

1. e4 g6 2. d4 Bg7 3. Be3 d6 4. Bc4 Nf6 5. Nc3 Nbd7 6. f3 O-O 7. h4 e5 8. d5 Nb6 9. Bd3 c6 10. Qd2 cxd5
11. Nxd5 Nbxd5 12. exd5 Nxd5 13. Bh6 Qb6 14. Bxg7 Kxg7 15. O-O-O Qe3 16. a3 Rd8 17. g4 f5 18. Bc4 Qxd2+ 19. Rxd2 Ne3 20. Be2 fxg4
21. fxg4 Bxg4 22. Bxg4 Nxg4 23. b3 e4 24. Re2 d5 25. h5 Nf6 26. hxg6 hxg6 27. Rh3 Nh5 28. Rh4 Rf8 29. Nh3 Rac8 30. Rg2 Rf5
31. Rhg4 Rc6 32. Kd2 Rcf6 33. Ke2 Rf3 34. Ng5 Nf4+ 35. Rxf4 R3xf4
0-1

[Event "2020 Standard Chess Dropout Tournament, Round 4"]
[Site "SchemingMind.com"]
[Date "2021.04.12"]
[Round "4"]
[White "Mike Winslow"]
[Black "John Hamer"]
[Result "1/2-1/2"]
[WhiteCountry "USA"]
[BlackCountry "ENG"]
[WhiteElo "1888"]
[WhiteRD "86"]
[BlackElo "1880"]
[BlackRD "66"]
[GameID "710422"]

1. d4 d5 2. c4 c6 3. Nf3 e6 4. Nc3 Nf6 5. e3 Nbd7 6. Qc2 dxc4 7. Bxc4 b5 8. Bd3 Bb7 9. O-O a6 10. Rd1 h6
11. Ne4 Be7 12. Nc5 Bxc5 13. dxc5 O-O 14. b4 Nd5 15. a3 Re8 16. Bb2 Rc8 17. h4 N5f6 18. Rd2 Qc7 19. Rad1 Re7 20. Qc3 e5
21. Bf5 Rce8 22. Rd6 Nf8 23. Qc2 Bc8 24. e4 Bb7 25. g4 N6h7 26. Bxh7+ Kxh7 27. Nxe5 f6 28. Nf3 Kh8 29. Re1 Qc8 30. Nh2 Ng6
31. g5 Nf4 32. gxf6 Nh3+ 33. Kh1 Re6= 34. fxg7+ Kg8 35. Rxe6 Rxe6 36. f3 Qd8 37. Ng4 Qxh4 38. Qh2 Qxe1+ 39. Kg2 Qe2+ 40. Kxh3 Qxf3+
41. Qg3 Qh1+=
1/2-1/2

[Event "2020 Standard Chess Dropout Tournament, Round 4"]
[Site "SchemingMind.com"]
[Date "2021.04.10"]
[Round "4"]
[White "Robert Bruce"]
[Black "Aleksandr Frenkel"]
[Result "1-0"]
[WhiteCountry "SCO"]
[BlackCountry "USA"]
[WhiteElo "2472"]
[WhiteRD "72"]
[BlackElo "2366"]
[BlackRD "102"]
[GameID "710423"]

1. d4 Nf6 2. c4 e6 3. g3 d5 4. Nf3 dxc4 5. Bg2 Bb4+ 6. Bd2 a5 7. Qc2 Nc6 8. Qxc4 Qd5 9. Qd3 Qf5 10. Qxf5 exf5
11. O-O O-O 12. Nc3 h6 13. Nb5 Bd6 14. Rfc1 Be6 15. Ne1 Bd5 16. Nd3 Rfd8 17. f3 Rd7 18. Nc5 Re7 19. Bf1 Nd8 20. Na4 Nc6
21. Kf2 Bb4 22. Bf4 g5 23. Bxc7 Bd2 24. Bd6 Re6 25. Bc5 Be3+ 26. Kg2 Bxc1 27. Rxc1 Ne8 28. Nac3 Rd8 29. Bb6 Rd7 30. Na4
1-0

[Event "2020 Standard Chess Dropout Tournament, Round 4"]
[Site "SchemingMind.com"]
[Date "2021.04.12"]
[Round "4"]
[White "David Hartley"]
[Black "Mike Smith"]
[Result "1-0"]
[WhiteCountry "ENG"]
[BlackCountry "ENG"]
[WhiteElo "1773"]
[WhiteRD "79"]
[BlackElo "1918"]
[BlackRD "95"]
[GameID "710424"]

1. e4 e6 2. d4 d5 3. e5 c5 4. c3 Nc6 5. Nf3 Qb6 6. Bd3 Nge7 7. O-O Ng6 8. dxc5 Bxc5 9. b4 Be7 10. Re1 O-O
11. Be3 Qc7 12. Bxg6 hxg6 13. Bf4 Bd7 14. Nbd2 Rac8 15. a3 Rfd8 16. Nb3 a6 17. Bg3 Na7 18. Rc1
1-0

[Event "2020 Standard Chess Dropout Tournament, Round 4"]
[Site "SchemingMind.com"]
[Date "2021.04.12"]
[Round "4"]
[White "Don71"]
[Black "FransEvers"]
[Result "1-0"]
[WhiteCountry "NIR"]
[BlackCountry "NED"]
[WhiteElo "2287"]
[WhiteRD "113"]
[BlackElo "2122"]
[BlackRD "109"]
[GameID "710425"]

1. e4 d6 2. d4 Nf6 3. Nc3 e5 4. dxe5 dxe5 5. Qxd8+ Kxd8 6. Nf3 Bd6 7. Bc4 Be6 8. Bxe6 fxe6 9. Be3 Nc6 10. a3 a6
11. h3 h6 12. O-O-O Ke7 13. Rhe1 Rhb8 14. Rg1 b5 15. g4 Rh8 16. h4 g6 17. g5 hxg5 18. Rxg5 Kf7 19. Rg2 Rag8 20. Kb1 Nd7
21. Rg4 Nf6 22. Rg3 Nd7 23. Rg5 Nf6 24. Rgg1 Nd7 25. Rh1 Nf6 26. Rd2 Rb8 27. Rhd1 a5 28. Rxd6 cxd6 29. Rxd6 Nd8 30. Nxe5+ Kg7
31. Ba7 Rb7 32. Bd4 Kh6 33. Nd3
1-0

[Event "2020 Standard Chess Dropout Tournament, Round 4"]
[Site "SchemingMind.com"]
[Date "2021.04.10"]
[Round "4"]
[White "FransEvers"]
[Black "Robert Bruce"]
[Result "1/2-1/2"]
[WhiteCountry "NED"]
[BlackCountry "SCO"]
[WhiteElo "2141"]
[WhiteRD "108"]
[BlackElo "2444"]
[BlackRD "74"]
[GameID "710426"]

1. e4 c6 2. d3 d5 3. Nd2 e5 4. Ngf3 Bd6 5. d4 exd4 6. exd5 Nf6 7. dxc6 Nxc6 8. Be2 O-O 9. O-O Bf5 10. Nb3 Qc7
11. h3 Nb4 12. Nbxd4 Bxc2 13. Nxc2 Nxc2 14. Rb1 Rfb8 15. Bg5 Nb4 16. Bxf6 gxf6 17. Rc1 Qe7 18. a3 Nc6 19. Bd3 Rd8 20. Qc2 h6
21. Rfe1 Qf8 22. g3 Be5 23. Kg2 Nd4 24. Nxd4 Rxd4 25. Be4 Qd6 26. Qe2 Qd7 27. Qh5 Kg7 28. Rcd1 Rd8 29. Rxd4 Bxd4 30. b4 b6
31. Re2 Be5 32. h4 Rc8 33. Bf5 Qd5+ 34. Be4 Qd7 35. Bf5 Qd5+ 36. Be4 Qd7 37. Bf5 Qd5+=
1/2-1/2

[Event "2020 Standard Chess Dropout Tournament, Round 4"]
[Site "SchemingMind.com"]
[Date "2021.04.08"]
[Round "4"]
[White "Aleksandr Frenkel"]
[Black "William Lindberg"]
[Result "0-1"]
[WhiteCountry "USA"]
[BlackCountry "USA"]
[WhiteElo "2366"]
[WhiteRD "102"]
[BlackElo "2477"]
[BlackRD "70"]
[GameID "710427"]

1. e4 e5 2. Nf3 Nc6 3. Bb5 Nf6 4. O-O Nxe4 5. d4 Nd6 6. Bxc6 bxc6 7. dxe5 Nf5 8. Bg5 Be7 9. Bxe7 Nxe7 10. Nc3 O-O
11. Ne4 Nf5 12. Qd3 d5 13. Nc5 Rb8 14. b3 Rb5 15. Na4 Rb4 16. Qc3 Rg4 17. Rad1 Nh4 18. Nxh4 Qxh4 19. f3 Rg6 20. f4 Bf5
21. Nc5 Ra8 22. Rd2 a5 23. Rff2 h5 24. Rd4 Qg4 25. Qd2 h4 26. Ra4 Qh5 27. a3 Re8 28. Rxa5 h3 29. g3 Rg4 30. Qe2 Qh4
31. Ra6 g5 32. Ra4 Qh6 33. fxg5 Rxg5 34. Raf4 Qg6 35. Qf1 Rxe5 36. a4 d4 37. b4 f6 38. Nd3 Bxd3 39. cxd3 f5 40. Qxh3 Kg7
41. a5 Rh5 42. Qg2 Rh8 43. g4 Re1+ 44. Rf1 Rxf1+ 45. Kxf1 Re8 46. Qg3 Qh6 47. a6 Re3 48. Rf3 f4 49. Qxf4 Rxf3+ 50. Qxf3 Qc1+
51. Kg2 Qc2+ 52. Kg3 Qa4 53. b5 c5 54. b6 Qxa6 55. bxc7 Qe6 56. Qf4 Qe1+ 57. Kf3 Qe6 58. g5 Qd7
0-1

[Event "2020 Standard Chess Dropout Tournament, Round 4"]
[Site "SchemingMind.com"]
[Date "2021.04.12"]
[Round "4"]
[White "Holty"]
[Black "thefriediceman"]
[Result "0-1"]
[WhiteCountry "ENG"]
[BlackCountry "USA"]
[WhiteElo "1773"]
[WhiteRD "62"]
[BlackElo "2112"]
[BlackRD "152"]
[GameID "710429"]

1. d4 d5 2. Bf4 Nf6 3. e3 Bf5 4. c4 e6 5. Nf3 Nbd7 6. Nc3 c6 7. Qb3 Qb6 8. c5 Qxb3 9. axb3 Be7 10. Be2 O-O
11. Ne5 h6 12. b4 a6 13. O-O Nxe5 14. Bxe5 Nd7 15. Bg3 Rac8 16. Rfc1 Bd8 17. Bd6 Re8 18. Re1 Bc7 19. Bxc7 Rxc7 20. f3 f6
21. e4 Bg6 22. Rad1 Kf8 23. Rf1 Ke7 24. Bd3 Bf7 25. Rde1 Kd8 26. f4 Nf8 27. Na4 Rce7 28. e5 f5 29. Nb6 g5 30. Bxa6 bxa6
31. Ra1 Ra7 32. Ra3 Nd7 33. g3 Kc7 34. Nxd7 Kxd7 35. Rfa1 Rea8 36. Kf2 Kc7 37. Kg2 gxf4 38. gxf4 Rg8+ 39. Rg3 Raa8 40. Ra3 Kb7
41. Ra5 Bh5 42. Kf2 Rg4 43. Ke3 Rag8 44. Rxg4 Rxg4 45. Ra1 Rg2 46. b3 Rxh2 47. Rb1 Re2+ 48. Kd3 Re4 49. Rh1 Be2+ 50. Kd2 h5
51. Rg1 Bg4 52. Kd3 Rxf4
0-1

[Event "2020 Standard Chess Dropout Tournament, Round 4"]
[Site "SchemingMind.com"]
[Date "2021.04.08"]
[Round "4"]
[White "John Hamer"]
[Black "Holty"]
[Result "1-0"]
[WhiteCountry "ENG"]
[BlackCountry "ENG"]
[WhiteElo "1877"]
[WhiteRD "65"]
[BlackElo "1757"]
[BlackRD "63"]
[GameID "710430"]

1. e4 d6 2. f4 d5 3. exd5 Nf6 4. Nc3 e6 5. Nf3 c6 6. dxc6 Nxc6 7. d4 Bb4 8. Bd3 O-O 9. O-O Nxd4 10. Kh1 Bxc3
11. bxc3 Nxf3 12. gxf3 b6 13. Ba3 Re8 14. Qe1 Qc7 15. Qg3 Bb7 16. Bc1 Nd5 17. c4 Nf6 18. Bb2 Nh5 19. Qg4 g6 20. Be5 Qe7
21. Rad1 Rad8 22. Rg1 Nf6 23. Qg3 Nh5 24. Qh3 f5 25. Qxh5 Qf7 26. Rxg6+ Qxg6 27. Rg1 Qxg1+ 28. Kxg1 Re7 29. Bf6 Rg7+ 30. Bxg7 Kxg7
31. Qg5+
1-0

[Event "2020 Standard Chess Dropout Tournament, Round 4"]
[Site "SchemingMind.com"]
[Date "2021.04.08"]
[Round "4"]
[White "j4orce"]
[Black "Raymond de Kemp"]
[Result "1-0"]
[WhiteCountry "USA"]
[BlackCountry "NED"]
[WhiteElo "1871"]
[WhiteRD "130"]
[BlackElo "1844"]
[BlackRD "73"]
[GameID "710431"]

1. e4 c5 2. Bc4 e6 3. Nc3 Nc6 4. Nf3 a6 5. d3 b5 6. Bb3 Bd6 7. O-O Nge7 8. a3 h6 9. Re1 O-O 10. e5 Bc7
11. Ne4 Ng6 12. Nxc5 Ncxe5 13. Ne4 f5 14. Ng3 Bb7 15. Nxe5 Nxe5 16. Qh5 f4 17. Nf5 Qf6 18. Nh4 f3 19. d4 fxg2 20. Be3 Bf3
21. dxe5 Bxe5 22. Nxf3 Bxb2 23. Rad1 Qxf3 24. Qxf3 Rxf3 25. Rxd7 Bxa3 26. Bd4 Rxb3 27. Rxg7+ Kf8 28. cxb3
1-0

[Event "2020 Standard Chess Dropout Tournament, Round 4"]
[Site "SchemingMind.com"]
[Date "2021.04.12"]
[Round "4"]
[White "Matthew Bailey"]
[Black "Ramesh Panwar"]
[Result "1/2-1/2"]
[WhiteCountry "ENG"]
[BlackCountry "IND"]
[WhiteElo "2537"]
[WhiteRD "71"]
[BlackElo "2561"]
[BlackRD "92"]
[GameID "710434"]

1. e4 c5 2. Nf3 Nc6 3. Nc3 Nf6 4. Bb5 Nd4 5. e5 Nxb5 6. Nxb5 Nd5 7. Ng5 f6 8. Ne4 f5 9. c4 Nc7 10. Nxc5 Nxb5
11. cxb5 Qb6 12. d4 Qa5+ 13. Bd2 Qxb5 14. Rc1 b6 15. Qf3 Rb8 16. Nd3 Bb7 17. Qg3 Ba6 18. Rc3 e6 19. O-O Qd5 20. Qe3 Be7
21. Nf4 Qxa2 22. Rfc1 O-O 23. Qe1 Bb7 24. Ra1 Qxb2 25. Rb1 Qa2 26. Ra1 Qb2 27. Rb1=
1/2-1/2

[Event "2020 Standard Chess Dropout Tournament, Round 4"]
[Site "SchemingMind.com"]
[Date "2021.04.09"]
[Round "4"]
[White "Mike Smith"]
[Black "j4orce"]
[Result "0-1"]
[WhiteCountry "ENG"]
[BlackCountry "USA"]
[WhiteElo "1918"]
[WhiteRD "95"]
[BlackElo "1871"]
[BlackRD "130"]
[GameID "710435"]

1. c4 e6 2. Nf3 Nf6 3. d4 b6 4. g3 Bb7 5. Bg2 h6 6. O-O d5 7. Nc3 Bb4 8. Qa4+ Nc6 9. Ne5 Bd6 10. Nxc6 Qd7
11. Ne5 Bxe5 12. Qxd7+ Nxd7 13. dxe5 Nxe5 14. cxd5 exd5 15. Nxd5 Bxd5 16. Bxd5 O-O-O 17. Be4 g5 18. Be3 Kb8 19. Rad1 Rde8 20. Bf5 Rhg8
0-1

[Event "2020 Standard Chess Dropout Tournament, Round 4"]
[Site "SchemingMind.com"]
[Date "2021.04.11"]
[Round "4"]
[White "Michael Preier"]
[Black "David Hartley"]
[Result "0-1"]
[WhiteCountry "GER"]
[BlackCountry "ENG"]
[WhiteElo "1474"]
[WhiteRD "122"]
[BlackElo "1750"]
[BlackRD "81"]
[GameID "710436"]

1. e4 e5 2. Nf3 Nc6 3. Bb5 a6 4. Bc4 Bc5 5. d3 Nf6 6. Ng5 O-O 7. Nc3 h6 8. h4 d6 9. Bd2 Na5 10. Nd5 Nxc4
11. dxc4 c6 12. Nxf6+ Qxf6 13. Nf3 Bg4 14. Qe2 b5 15. O-O-O Bxf3 16. gxf3 Qe6 17. Rdg1 Kh7 18. f4 exf4 19. Bxf4 f5 20. e5 Rae8
21. h5 dxe5 22. Be3 Bxe3+ 23. fxe3 Rf6 24. b3 Rd8 25. cxb5 cxb5 26. Qg2 Rg8 27. Qb7 Qb6 28. Qf3 Qe6 29. Rg2 f4 30. exf4 exf4
31. Rhg1 g5 32. hxg6+ Rgxg6 33. Kb1 Rxg2 34. Qxg2 Qf7 35. c4 bxc4 36. Qc2+ Rg6 37. bxc4 h5 38. c5 Kh6 39. Rf1 Rc6 40. Qc1 Qf5+
41. Ka1 Qe5+ 42. Kb1 Rxc5 43. Qxf4+ Qxf4 44. Rxf4 Kg5 45. Rf1 h4 46. Rg1+ Kh5 47. Kb2 Rg5 48. Rh1 Rg3 49. Kc2 h3 50. Kd2 Kh4
51. Ke2 Rg2+ 52. Kf3 Rxa2
0-1